[Event "Torneio Nacional de Mestres e Honra"]
[Site "Centro de Estagio do Jamor"]
[Date "2019.08.17"]
[Round "6.1"]
[White "Ferreira, Hugo"]
[Black "Dias, Paulo"]
[Result "0-1"]
[BlackElo "2314"]
[WhiteElo "2142"]
[WhiteTeam "Ferroviarios do Barreiro"]
[BlackTeam "A.Xat - Montemor-O-Novo"]
[LiveChessVersion "1.4.8"]

1. d4 {[%clk 1:30:57]} g6 {[%clk 1:30:51]} 2. Nf3 {[%clk 1:30:54]} Nf6
{[%clk 1:30:46]} 3. Bg5 Bg7 {[%clk 1:31:07]} 4. Nbd2 {[%clk 1:31:33]} d5
{[%clk 1:30:49]} 5. e3 {[%clk 1:31:57]} O-O {[%clk 1:30:44]} 6. c3
{[%clk 1:32:21]} c5 {[%clk 1:29:15]} 7. Bd3 {[%clk 1:24:42]} b6 {[%clk 1:28:30]}
8. O-O {[%clk 1:24:56]} Bb7 {[%clk 1:28:47]} 9. Qb1 {[%clk 1:23:56]} Nbd7
{[%clk 1:19:52]} 10. b4 {[%clk 1:18:28]} c4 {[%clk 1:16:25]} 11. Bc2
{[%clk 1:18:17]} Re8 {[%clk 1:07:15]} 12. e4 {[%clk 1:09:28]} dxe4
{[%clk 1:01:55]} 13. Nxe4 {[%clk 1:09:25]} Nd5 {[%clk 1:01:32]} 14. Nd6
{[%clk 1:03:18]} Nxc3 {[%clk 1:00:45]} 15. Nxb7 {[%clk 0:53:14]} Nxb1
{[%clk 0:58:39]} 16. Nxd8 {[%clk 0:53:38]} Na3 {[%clk 0:58:52]} 17. Ba4
{[%clk 0:52:07]} Raxd8 {[%clk 0:44:45]} 18. Bc1 {[%clk 0:52:29]} b5
{[%clk 0:44:51]} 19. Bd1 {[%clk 0:52:53]} e5 {[%clk 0:44:38]} 20. dxe5
{[%clk 0:45:05]} Nxe5 {[%clk 0:38:23]} 21. Bxa3 {[%clk 0:45:21]} Rd3
{[%clk 0:25:52]} 22. Nd4 {[%clk 0:32:24]} Rxd4 {[%clk 0:23:25]} 23. Bb2
{[%clk 0:31:31]} Rd2 {[%clk 0:21:44]} 24. Bc3 {[%clk 0:31:41]} Rd3
{[%clk 0:18:17]} 25. Rc1 {[%clk 0:31:59]} Re6 {[%clk 0:17:12]} 26. a4
{[%clk 0:30:07]} a6 {[%clk 0:17:05]} 27. axb5 {[%clk 0:26:54]} axb5
{[%clk 0:17:33]} 28. Be2 {[%clk 0:17:12]} Nf3+ {[%clk 0:17:00]} 29. Bxf3
{[%clk 0:17:35]} Bxc3 {[%clk 0:16:56]} 30. h3 {[%clk 0:16:42]} Bb2
{[%clk 0:14:37]} 31. Rc2 {[%clk 0:16:20]} c3 {[%clk 0:11:46]} 32. Be2
{[%clk 0:15:29]} Rd2 {[%clk 0:11:22]} 33. Rxd2 {[%clk 0:15:08]} cxd2
{[%clk 0:11:45]} 34. Bxb5 {[%clk 0:15:29]} Re1 {[%clk 0:11:47]} 35. Ba4
{[%clk 0:15:54]} Bd4 {[%clk 0:11:33]} 36. g3 {[%clk 0:15:00]} Kf8
{[%clk 0:10:53]} 37. Kg2 {[%clk 0:15:22]} Ke7 {[%clk 0:10:02]} 38. f4
{[%clk 0:15:31]} Kd6 {[%clk 0:09:23]} 39. g4 {[%clk 0:15:37]} f5 {[%clk 0:07:40]}
40. gxf5 {[%clk 0:14:12]} gxf5 {[%clk 0:08:08]} 41. h4 {[%clk 0:14:34]} h6
{[%clk 0:07:21]} 42. h5 {[%clk 0:14:57]} Kd5 {[%clk 0:05:51]} 43. Bb3+
{[%clk 0:15:13]} Kc6 {[%clk 0:05:07]} 44. Ba4+ {[%clk 0:15:38]} Kd6
{[%clk 0:04:02]} 45. Bb3 {[%clk 0:16:01]} Bb6 {[%clk 0:03:40]} 46. Rh1
{[%clk 0:15:18]} Kc6 {[%clk 0:03:42]} 47. Ba4+ {[%clk 0:11:35]} Kd5
{[%clk 0:04:10]} 48. Bb3+ {[%clk 0:11:42]} Kd4 {[%clk 0:04:30]} 49. Rf1
{[%clk 0:11:39]} Kc3 {[%clk 0:03:25]} 50. Rf3+ {[%clk 0:12:01]} Be3
{[%clk 0:03:36]} 51. Ba4 {[%clk 0:11:52]} Kxb4 {[%clk 0:03:56]} 52. Bc2
{[%clk 0:12:06]} Kc3 {[%clk 0:04:06]} 53. Ba4 {[%clk 0:11:52]} Kb2
{[%clk 0:03:36]} 54. Rg3 {[%clk 0:11:59]} Kc1 {[%clk 0:03:23]} 55. Rg6
{[%clk 0:11:59]} Rg1+ {[%clk 0:01:09]} 56. Kf3 {[%clk 0:12:23]} Rxg6
{[%clk 0:01:21]} 57. hxg6 {[%clk 0:12:44]} Bd4 {[%clk 0:01:28]} 58. Ke2
{[%clk 0:12:16]} Bf6 {[%clk 0:01:34]} 59. Bb3 {[%clk 0:12:22]} Bg7
{[%clk 0:01:32]} 60. Ba4 {[%clk 0:12:30]} h5 {[%clk 0:01:32]} 61. Kf3
{[%clk 0:09:34]} d1=Q+ {[%clk 0:01:36]} 62. Bxd1 {[%clk 0:10:00]} Kxd1
{[%clk 0:02:00]} 63. Kg3 {[%clk 0:10:28]} Ke2 {[%clk 0:01:57]} 64. Kh4
{[%clk 0:10:56]} Kf3 {[%clk 0:02:16]} 65. Kg5 {[%clk 0:09:58]} Ke4
{[%clk 0:02:37]} 0-1

[Event "Torneio Nacional de Mestres e Honra"]
[Site "Centro de Estagio do Jamor"]
[Date "2019.08.17"]
[Round "6.2"]
[White "Fidalgo, Andre"]
[Black "Rodrigues, Afonso"]
[Result "0-1"]
[BlackElo "2134"]
[WhiteElo "2261"]
[WhiteTeam "Santoantoniense FC"]
[BlackTeam "A.Xat - Montemor-O-Novo"]
[LiveChessVersion "1.4.8"]

1. d4 {[%clk 1:30:57]} d5 {[%clk 1:30:58]} 2. c4 {[%clk 1:31:04]} c6
{[%clk 1:31:25]} 3. Nf3 {[%clk 1:31:23]} Nf6 {[%clk 1:31:52]} 4. Qc2
{[%clk 1:30:30]} g6 {[%clk 1:21:04]} 5. Bf4 {[%clk 1:28:34]} Bg7 {[%clk 1:17:06]}
6. e3 {[%clk 1:28:44]} O-O {[%clk 1:14:57]} 7. Nc3 {[%clk 1:28:04]} Be6
{[%clk 0:41:59]} 8. c5 {[%clk 1:01:21]} Bf5 {[%clk 0:40:19]} 9. Qb3
{[%clk 0:59:01]} Qc8 {[%clk 0:40:18]} 10. Be2 {[%clk 0:59:13]} Re8
{[%clk 0:34:10]} 11. h3 {[%clk 0:59:22]} Nfd7 {[%clk 0:29:52]} 12. g4
{[%clk 0:54:04]} Be6 {[%clk 0:30:17]} 13. Qd1 {[%clk 0:46:53]} f6
{[%clk 0:28:45]} 14. b4 {[%clk 0:44:46]} a6 {[%clk 0:29:07]} 15. Bg3
{[%clk 0:38:52]} Bf7 {[%clk 0:29:25]} 16. O-O {[%clk 0:38:47]} e5
{[%clk 0:29:34]} 17. Rb1 {[%clk 0:36:39]} e4 {[%clk 0:24:52]} 18. Nd2
{[%clk 0:36:50]} Be6 {[%clk 0:25:20]} 19. Na4 {[%clk 0:30:39]} Qd8
{[%clk 0:19:59]} 20. Kg2 {[%clk 0:28:10]} f5 {[%clk 0:20:11]} 21. Nb3
{[%clk 0:28:17]} Rf8 {[%clk 0:18:52]} 22. Na5 {[%clk 0:28:25]} Ra7
{[%clk 0:18:41]} 23. Rh1 {[%clk 0:27:12]} g5 {[%clk 0:17:26]} 24. gxf5
{[%clk 0:27:34]} Bxf5 {[%clk 0:17:45]} 25. Kf1 {[%clk 0:26:20]} Qf6
{[%clk 0:17:06]} 26. Ke1 {[%clk 0:26:25]} Qe6 {[%clk 0:17:04]} 27. h4
{[%clk 0:25:01]} g4 {[%clk 0:15:58]} 28. Qd2 {[%clk 0:21:57]} h5 {[%clk 0:16:21]}
29. Kd1 {[%clk 0:22:20]} Nf6 {[%clk 0:15:55]} 30. Bd6 {[%clk 0:22:44]} Re8
{[%clk 0:16:02]} 31. Bc7 {[%clk 0:21:36]} Qf7 {[%clk 0:14:15]} 32. Bf4
{[%clk 0:21:09]} Nbd7 {[%clk 0:14:10]} 33. Nb6 {[%clk 0:21:34]} Nh7
{[%clk 0:13:31]} 34. a4 {[%clk 0:16:38]} Nhf8 {[%clk 0:13:51]} 35. b5
{[%clk 0:10:24]} axb5 {[%clk 0:13:12]} 36. axb5 {[%clk 0:10:49]} Ne6
{[%clk 0:12:41]} 37. bxc6 {[%clk 0:10:32]} bxc6 {[%clk 0:13:40]} 38. Nxc6
{[%clk 0:11:01]} Nxf4 {[%clk 0:14:07]} 39. Nxa7 {[%clk 0:11:15]} Nxe2 40. Kxe2
{[%clk 0:08:26]} g3 {[%clk 0:13:40]} 41. Kd1 {[%clk 0:06:13]} Bg4+
{[%clk 0:14:08]} 42. Kc1 {[%clk 0:06:31]} Nxc5 {[%clk 0:14:31]} 43. dxc5
{[%clk 0:06:43]} Qxa7 {[%clk 0:14:59]} 44. Qxd5+ {[%clk 0:02:50]} Be6
{[%clk 0:12:55]} 45. Qd2 {[%clk 0:00:31]} Qa3+ {[%clk 0:05:22]} 46. Rb2
{[%clk 0:00:43]} Qxc5+ {[%clk 0:05:49]} 47. Kb1 {[%clk 0:00:37]} Bxb2
{[%clk 0:05:58]} 48. Na4 {[%clk 0:00:36]} Qa3 {[%clk 0:05:42]} 49. Qxb2
{[%clk 0:00:47]} Qxa4 {[%clk 0:06:02]} 50. Rg1 {[%clk 0:01:13]} g2
{[%clk 0:05:47]} 51. Rxg2+ {[%clk 0:01:26]} Bg4 {[%clk 0:06:15]} 52. Qb6
{[%clk 0:01:40]} Re7 {[%clk 0:03:51]} 53. Rg1 {[%clk 0:01:43]} Qd7
{[%clk 0:03:52]} 54. Qg6+ {[%clk 0:01:50]} Rg7 {[%clk 0:04:19]} 55. Qa6
{[%clk 0:01:18]} Qd8 {[%clk 0:01:09]} 56. Qb5 {[%clk 0:01:25]} Qa8
{[%clk 0:01:15]} 57. Qc4+ {[%clk 0:00:47]} Kh8 {[%clk 0:02:12]} 58. Qd4
{[%clk 0:01:22]} Kh7 {[%clk 0:02:16]} 0-1

[Event "Torneio Nacional de Mestres e Honra"]
[Site "Centro de Estagio do Jamor"]
[Date "2019.08.17"]
[Round "6.3"]
[White "Eggert, Alberto"]
[Black "Fidalgo, Daniel"]
[Result "1-0"]
[BlackElo "2089"]
[WhiteElo "2103"]
[WhiteTeam "Amadora Xadrez"]
[BlackTeam "Santoantoniense FC"]
[LiveChessVersion "1.4.8"]

1. Nf3 {[%clk 1:29:58]} Nf6 {[%clk 1:30:49]} 2. d4 {[%clk 1:29:59]} g6
{[%clk 1:31:10]} 3. Bf4 {[%clk 1:29:23]} Bg7 {[%clk 1:30:45]} 4. Nc3
{[%clk 1:29:12]} d5 {[%clk 1:29:42]} 5. Nb5 {[%clk 1:28:24]} Na6 {[%clk 1:29:53]}
6. e3 {[%clk 1:28:21]} Bf5 {[%clk 1:27:31]} 7. Na3 {[%clk 1:22:20]} c5
{[%clk 1:23:02]} 8. Bb5+ {[%clk 1:19:23]} Bd7 {[%clk 1:23:16]} 9. O-O
{[%clk 1:14:45]} Bxb5 {[%clk 1:17:15]} 10. Nxb5 {[%clk 1:14:48]} O-O
{[%clk 1:17:26]} 11. h3 {[%clk 1:05:32]} Ne4 {[%clk 1:11:13]} 12. c3
{[%clk 1:05:23]} Nb8 {[%clk 1:07:12]} 13. Nc7 {[%clk 0:59:05]} e5
{[%clk 1:07:14]} 14. Nxe5 {[%clk 0:59:28]} Qxc7 {[%clk 1:07:02]} 15. Nxg6
{[%clk 0:59:46]} Qd8 {[%clk 1:06:23]} 16. Nxf8 {[%clk 0:59:56]} Qxf8
{[%clk 1:06:46]} 17. Qb3 {[%clk 0:58:53]} Nc6 {[%clk 1:03:47]} 18. Qxd5
{[%clk 0:57:55]} Qe7 {[%clk 1:03:34]} 19. f3 {[%clk 0:55:12]} Nd2
{[%clk 0:55:34]} 20. Rfd1 {[%clk 0:37:11]} cxd4 {[%clk 0:55:49]} 21. exd4
{[%clk 0:30:18]} Rd8 {[%clk 0:55:52]} 22. Qb5 {[%clk 0:29:05]} a6
{[%clk 0:38:45]} 23. Qd3 {[%clk 0:28:57]} Nxd4 {[%clk 0:38:47]} 24. Rxd2
{[%clk 0:28:36]} Ne6 {[%clk 0:38:48]} 25. Qe3 {[%clk 0:28:48]} Rc8
{[%clk 0:38:39]} 26. Be5 {[%clk 0:26:58]} f6 {[%clk 0:34:52]} 27. Bd6
{[%clk 0:25:21]} Qf7 {[%clk 0:35:16]} 28. Re1 {[%clk 0:24:55]} Nd8
{[%clk 0:34:58]} 29. Qe8+ {[%clk 0:24:29]} Qxe8 {[%clk 0:35:11]} 30. Rxe8+
{[%clk 0:24:53]} Kf7 {[%clk 0:35:36]} 31. Rde2 {[%clk 0:25:10]} 1-0

[Event "Torneio Nacional de Mestres e Honra"]
[Site "Centro de Estagio do Jamor"]
[Date "2019.08.17"]
[Round "6.4"]
[White "Fernandes, Miguel"]
[Black "Rocha, Sergio"]
[Result "1/2-1/2"]
[BlackElo "2353"]
[WhiteElo "2108"]
[WhiteTeam "Aa Coimbra"]
[BlackTeam "FC Barreirense"]
[LiveChessVersion "1.4.8"]

1. d4 {[%clk 1:30:55]} Nf6 {[%clk 1:30:44]} 2. c4 {[%clk 1:31:12]} e6
{[%clk 1:31:07]} 3. Nf3 {[%clk 1:31:30]} d5 {[%clk 1:31:26]} 4. Nc3
{[%clk 1:30:45]} Be7 {[%clk 1:31:46]} 5. Bg5 {[%clk 1:30:44]} h6 {[%clk 1:32:03]}
6. Bh4 {[%clk 1:30:54]} O-O {[%clk 1:32:26]} 7. cxd5 {[%clk 1:30:42]} exd5
{[%clk 1:32:35]} 8. e3 {[%clk 1:30:56]} b6 {[%clk 1:32:51]} 9. Bd3
{[%clk 1:29:29]} Bb7 {[%clk 1:33:09]} 10. Ne5 {[%clk 1:27:24]} Nbd7
{[%clk 1:32:40]} 11. O-O {[%clk 1:22:42]} Nxe5 {[%clk 1:26:40]} 12. dxe5
{[%clk 1:23:06]} Ne4 {[%clk 1:25:55]} 1/2-1/2

[Event "Torneio Nacional de Mestres e Honra"]
[Site "Centro de Estagio do Jamor"]
[Date "2019.08.17"]
[Round "6.5"]
[White "Margarido, Jose"]
[Black "Reis, Luis Sousa"]
[Result "1/2-1/2"]
[BlackElo "2161"]
[WhiteElo "2135"]
[WhiteTeam "Profigaia/ Escola Profiss"]
[BlackTeam "Axportugal /Atlantidiagonal"]
[LiveChessVersion "1.4.8"]

1. e4 {[%clk 1:30:54]} Nc6 {[%clk 1:29:52]} 2. Nf3 {[%clk 1:31:08]} d6
{[%clk 1:27:20]} 3. d4 {[%clk 1:31:29]} Nf6 {[%clk 1:25:49]} 4. Nc3
{[%clk 1:31:53]} g6 {[%clk 1:24:15]} 5. Be3 {[%clk 1:23:05]} Bg7 {[%clk 1:21:39]}
6. Qd2 {[%clk 1:23:20]} Ng4 {[%clk 1:19:24]} 7. Bg5 {[%clk 1:23:37]} f6
{[%clk 1:03:29]} 8. Bh4 {[%clk 1:19:16]} O-O {[%clk 0:58:51]} 9. Bc4+
{[%clk 1:14:18]} Kh8 {[%clk 0:53:38]} 10. h3 {[%clk 1:13:19]} Nh6
{[%clk 0:53:52]} 11. d5 {[%clk 1:08:11]} Ne5 {[%clk 0:51:25]} 12. Nxe5
{[%clk 1:08:29]} dxe5 {[%clk 0:48:52]} 13. O-O-O {[%clk 1:03:16]} a6
{[%clk 0:47:04]} 14. g4 {[%clk 0:55:05]} Nf7 {[%clk 0:42:40]} 15. Kb1
{[%clk 0:52:18]} Bh6 {[%clk 0:40:39]} 16. Qe2 {[%clk 0:50:40]} b5
{[%clk 0:39:37]} 17. Bb3 {[%clk 0:50:46]} Bd7 {[%clk 0:38:49]} 18. Qd3
{[%clk 0:42:58]} Nd6 {[%clk 0:36:39]} 19. Ne2 {[%clk 0:36:30]} a5
{[%clk 0:33:38]} 20. c3 {[%clk 0:36:43]} Qb8 {[%clk 0:30:41]} 21. a3
{[%clk 0:32:23]} b4 {[%clk 0:24:02]} 22. axb4 {[%clk 0:32:49]} axb4
{[%clk 0:23:46]} 23. c4 {[%clk 0:33:18]} Nb7 {[%clk 0:23:14]} 24. g5
{[%clk 0:28:20]} fxg5 {[%clk 0:20:01]} 25. Bg3 {[%clk 0:28:18]} Nc5
{[%clk 0:19:03]} 26. Bxe5+ {[%clk 0:28:23]} Kg8 {[%clk 0:19:21]} 27. Qe3
{[%clk 0:27:22]} Nxb3 {[%clk 0:19:33]} 28. Qxb3 {[%clk 0:27:08]} Ba4
{[%clk 0:19:35]} 29. Qe3 {[%clk 0:27:00]} Bxd1 {[%clk 0:19:33]} 30. Rxd1
{[%clk 0:27:30]} Qb7 {[%clk 0:17:58]} 31. h4 {[%clk 0:26:17]} Qa6
{[%clk 0:17:41]} 32. hxg5 {[%clk 0:20:43]} Qa2+ {[%clk 0:16:39]} 33. Kc2
{[%clk 0:21:07]} Qxc4+ {[%clk 0:10:52]} 34. Kd2 {[%clk 0:21:37]} Bg7
{[%clk 0:11:02]} 35. Bxg7 {[%clk 0:22:00]} Kxg7 {[%clk 0:11:26]} 36. Nd4
{[%clk 0:22:27]} Kg8 {[%clk 0:10:53]} 37. Ne6 {[%clk 0:21:58]} Rf7
{[%clk 0:11:11]} 38. Rc1 {[%clk 0:19:51]} Qa2 {[%clk 0:10:52]} 39. Qd4
{[%clk 0:20:05]} Qa7 {[%clk 0:09:08]} 40. Qxa7 {[%clk 0:18:12]} Rxa7
{[%clk 0:09:33]} 41. Ke3 {[%clk 0:18:41]} h6 {[%clk 0:09:00]} 42. gxh6
{[%clk 0:17:32]} Rh7 {[%clk 0:09:08]} 43. Rh1 {[%clk 0:17:01]} Ra2
{[%clk 0:09:04]} 44. Ng5 {[%clk 0:16:01]} Rh8 {[%clk 0:07:51]} 45. Rc1
{[%clk 0:08:10]} Rxh6 {[%clk 0:02:44]} 46. Rxc7 {[%clk 0:08:32]} Rxb2
{[%clk 0:00:44]} 47. Rxe7 {[%clk 0:08:56]} Rh1 {[%clk 0:01:01]} 48. d6
{[%clk 0:04:27]} Rd1 {[%clk 0:01:10]} 49. d7 {[%clk 0:03:35]} Rb3+
{[%clk 0:00:33]} 50. Ke2 {[%clk 0:03:19]} Rbd3 {[%clk 0:00:52]} 51. Re8+
{[%clk 0:03:26]} Kg7 {[%clk 0:01:02]} 52. d8=Q R1d2+ {[%clk 0:01:10]} 53. Ke1
{[%clk 0:01:05]} Rd1+ {[%clk 0:00:54]} 54. Ke2 {[%clk 0:01:34]} R1d2+
{[%clk 0:01:13]} 55. Ke1 {[%clk 0:01:55]} 1/2-1/2

[Event "Torneio Nacional de Mestres e Honra"]
[Site "Centro de Estagio do Jamor"]
[Date "2019.08.17"]
[Round "6.6"]
[White "Bartolo, Filipe"]
[Black "Dong, Fabio"]
[Result "1/2-1/2"]
[BlackElo "1433"]
[WhiteElo "1705"]
[WhiteTeam "Gx Alekhine"]
[BlackTeam "Cx Sintra"]
[LiveChessVersion "1.4.8"]

1. d4 {[%clk 1:11:56]} d5 {[%clk 1:30:48]} 2. c4 {[%clk 1:10:42]} c6
{[%clk 1:30:59]} 3. Nc3 {[%clk 1:07:05]} Nf6 {[%clk 1:31:11]} 4. Bg5
{[%clk 1:02:37]} e6 {[%clk 1:29:49]} 5. cxd5 {[%clk 1:02:55]} exd5
{[%clk 1:29:32]} 6. e3 {[%clk 1:02:36]} Nbd7 {[%clk 1:29:38]} 7. Nf3
{[%clk 1:02:56]} Be7 {[%clk 1:29:54]} 8. Bd3 {[%clk 1:02:32]} O-O
{[%clk 1:29:35]} 9. O-O {[%clk 1:02:49]} Re8 {[%clk 1:29:46]} 10. Rc1
{[%clk 1:03:05]} Nf8 {[%clk 1:28:26]} 11. h3 {[%clk 1:00:20]} Ng6
{[%clk 1:27:12]} 12. Bxf6 {[%clk 1:00:37]} Bxf6 {[%clk 1:27:12]} 13. b4
{[%clk 1:01:05]} a6 {[%clk 1:22:03]} 14. a4 {[%clk 1:01:07]} Bd7 {[%clk 1:17:36]}
15. Qb3 {[%clk 0:59:40]} Qe7 {[%clk 1:10:49]} 16. Ra1 {[%clk 0:57:18]} Nh4
{[%clk 0:50:51]} 17. Nxh4 {[%clk 0:56:11]} Bxh4 {[%clk 0:49:04]} 18. b5
{[%clk 0:55:55]} axb5 {[%clk 0:42:00]} 19. axb5 {[%clk 0:56:13]} Qg5
{[%clk 0:39:25]} 20. Rxa8 {[%clk 0:48:57]} Rxa8 {[%clk 0:38:56]} 21. Kh2
{[%clk 0:49:07]} Qe7 {[%clk 0:37:17]} 22. bxc6 {[%clk 0:48:31]} bxc6
{[%clk 0:36:05]} 23. Qc2 {[%clk 0:40:26]} g6 {[%clk 0:33:50]} 24. Na4
{[%clk 0:37:38]} Qd6+ {[%clk 0:31:09]} 25. Kh1 {[%clk 0:37:50]} Qc7
{[%clk 0:25:16]} 26. Nc5 {[%clk 0:37:44]} Be7 {[%clk 0:22:05]} 27. Rc1
{[%clk 0:35:07]} Bxc5 {[%clk 0:18:24]} 28. Qxc5 {[%clk 0:35:19]} Ra5
{[%clk 0:15:39]} 29. Qb4 {[%clk 0:34:58]} Qa7 {[%clk 0:13:29]} 30. Kg1
{[%clk 0:30:25]} Ra4 {[%clk 0:11:01]} 31. Qc5 {[%clk 0:29:50]} Qxc5
{[%clk 0:10:01]} 32. Rxc5 {[%clk 0:30:12]} Kf8 {[%clk 0:09:43]} 33. Kf1
{[%clk 0:30:26]} Ke7 {[%clk 0:09:51]} 34. Ke2 {[%clk 0:30:38]} Kd6
{[%clk 0:09:23]} 35. Kd2 {[%clk 0:30:38]} h6 {[%clk 0:09:26]} 36. Bc2
{[%clk 0:29:26]} Ra7 {[%clk 0:09:33]} 37. Bb3 {[%clk 0:28:59]} f6
{[%clk 0:09:33]} 38. Rc1 {[%clk 0:27:03]} g5 {[%clk 0:09:37]} 39. Kc3
{[%clk 0:25:49]} Ra5 {[%clk 0:09:07]} 40. Kb4 {[%clk 0:25:40]} Rb5+
{[%clk 0:09:12]} 41. Kc3 {[%clk 0:24:59]} c5 {[%clk 0:08:20]} 42. dxc5+
{[%clk 0:25:06]} Rxc5+ {[%clk 0:08:37]} 43. Kd2 {[%clk 0:25:19]} Rxc1
{[%clk 0:08:55]} 44. Kxc1 {[%clk 0:25:43]} Kc5 {[%clk 0:09:20]} 45. Kd2 1/2-1/2

[Event "Torneio Nacional de Mestres e Honra"]
[Site "Centro de Estagio do Jamor"]
[Date "2019.08.17"]
[Round "6.8"]
[White "Dong, Rafael"]
[Black "Correia, Pedro"]
[Result "1/2-1/2"]
[BlackElo "1525"]
[WhiteElo "1432"]
[WhiteTeam "Cx Sintra"]
[BlackTeam "Axportugal /Atlantidiagon"]
[LiveChessVersion "1.4.8"]

1. c4 {[%clk 1:30:59]} e5 {[%clk 1:23:03]} 2. Nc3 {[%clk 1:31:28]} Bb4
{[%clk 1:23:17]} 3. g3 {[%clk 1:31:32]} Nf6 {[%clk 1:22:32]} 4. Bg2
{[%clk 1:31:55]} O-O {[%clk 1:19:48]} 5. e3 {[%clk 1:31:26]} Nc6 {[%clk 1:18:35]}
6. Nge2 {[%clk 1:31:32]} Re8 {[%clk 1:14:37]} 7. a3 {[%clk 1:31:05]} Be7
{[%clk 1:12:40]} 8. b4 {[%clk 1:30:27]} b6 {[%clk 1:08:12]} 9. b5
{[%clk 1:30:20]} Na5 {[%clk 1:07:35]} 10. Bxa8 {[%clk 1:30:32]} c6
{[%clk 1:07:32]} 11. d3 {[%clk 1:28:01]} Qc7 {[%clk 1:05:09]} 12. Bb2
{[%clk 1:27:13]} Qb8 {[%clk 1:03:23]} 13. Bxc6 {[%clk 1:27:10]} dxc6
{[%clk 1:03:25]} 14. bxc6 {[%clk 1:27:24]} Nxc6 {[%clk 1:03:04]} 15. Nd5
{[%clk 1:22:24]} Nxd5 {[%clk 1:01:27]} 16. cxd5 {[%clk 1:21:44]} Na5
{[%clk 1:01:13]} 17. O-O {[%clk 1:21:18]} Bh3 {[%clk 0:59:44]} 18. Re1
{[%clk 1:12:31]} Bc5 {[%clk 0:58:59]} 19. d4 {[%clk 1:11:44]} exd4
{[%clk 0:55:48]} 20. Bxd4 {[%clk 1:09:34]} Bxd4 21. Nxd4 {[%clk 1:08:49]} Qd6
{[%clk 0:49:14]} 22. Qf3 {[%clk 1:02:34]} Qg6 {[%clk 0:47:55]} 23. Ne2
{[%clk 1:00:34]} Bg4 {[%clk 0:42:54]} 24. Qg2 {[%clk 1:00:20]} Nb3
{[%clk 0:39:41]} 25. Nf4 {[%clk 0:59:40]} Qh6 {[%clk 0:38:12]} 26. Ra2
{[%clk 0:58:50]} Nd4 {[%clk 0:36:32]} 27. h3 {[%clk 0:56:28]} Nf3+
{[%clk 0:30:40]} 28. Kf1 Nxe1 {[%clk 0:29:16]} 29. Kxe1 {[%clk 0:57:00]} Bf5 30.
g4 {[%clk 0:52:00]} Qxf4 {[%clk 0:24:02]} 31. gxf5 {[%clk 0:52:00]} Qxf5
{[%clk 0:18:08]} 32. Rd2 {[%clk 0:50:33]} Rc8 {[%clk 0:14:54]} 33. e4
{[%clk 0:45:31]} Qe5 {[%clk 0:09:22]} 34. d6 {[%clk 0:45:18]} Rc1+
{[%clk 0:09:09]} 35. Ke2 {[%clk 0:44:46]} Qb5+ {[%clk 0:06:02]} 36. Ke3
{[%clk 0:37:11]} g5 {[%clk 0:02:18]} 37. f3 {[%clk 0:35:25]} Rc8 {[%clk 0:01:14]}
38. h4 {[%clk 0:35:19]} f6 {[%clk 0:01:14]} 39. Qg4 {[%clk 0:35:19]} Rc3+
{[%clk 0:01:14]} 40. Kf2 {[%clk 0:35:19]} Rc1 {[%clk 0:01:14]} 41. Qe6+
{[%clk 0:35:19]} Kg7 {[%clk 0:01:14]} 42. Qe7+ Kg8 1/2-1/2

[Event "Torneio Nacional de Mestres e Honra"]
[Site "Centro de Estagio do Jamor"]
[Date "2019.08.17"]
[Round "6.9"]
[White "Lavrador, Rodolfo"]
[Black "Horta, Antonio"]
[Result "0-1"]
[BlackElo "1843"]
[WhiteElo "1840"]
[WhiteTeam "Clube Edp - Lisboa"]
[BlackTeam "Amadora Xadrez"]
[LiveChessVersion "1.4.8"]

1. e4 {[%clk 1:30:54]} d6 {[%clk 1:30:33]} 2. d4 {[%clk 1:31:15]} Nf6
{[%clk 1:30:51]} 3. Nc3 {[%clk 1:31:34]} Nbd7 {[%clk 1:31:12]} 4. Nf3
{[%clk 1:31:44]} e5 {[%clk 1:31:31]} 5. dxe5 {[%clk 1:29:24]} dxe5
{[%clk 1:31:52]} 6. Bc4 {[%clk 1:28:38]} Be7 {[%clk 1:31:53]} 7. O-O
{[%clk 1:28:20]} O-O {[%clk 1:32:13]} 8. Qe2 {[%clk 1:27:18]} c6 {[%clk 1:32:24]}
9. h3 {[%clk 1:26:32]} Qc7 {[%clk 1:31:54]} 10. Bg5 {[%clk 1:23:17]} b5
{[%clk 1:25:45]} 11. Bb3 {[%clk 1:14:37]} Nc5 {[%clk 1:25:18]} 12. a3
{[%clk 1:11:49]} Nxb3 {[%clk 1:24:39]} 13. cxb3 {[%clk 1:12:08]} Be6
{[%clk 1:24:53]} 14. Nd2 {[%clk 1:10:38]} h6 {[%clk 1:21:55]} 15. Be3
{[%clk 1:07:16]} Nd7 {[%clk 1:19:19]} 16. Rfc1 {[%clk 1:06:30]} Qb7
{[%clk 1:10:22]} 17. b4 {[%clk 1:02:11]} Nb6 {[%clk 1:05:13]} 18. Qh5
{[%clk 0:58:36]} Rfd8 {[%clk 0:54:32]} 19. Ne2 Rd3 {[%clk 0:34:38]} 20. Ng3
{[%clk 0:44:41]} Rxe3 {[%clk 0:32:57]} 21. fxe3 {[%clk 0:44:33]} Bg5
{[%clk 0:33:23]} 22. Qf3 {[%clk 0:40:43]} Rd8 {[%clk 0:32:19]} 23. Ndf1
{[%clk 0:40:09]} Nc4 {[%clk 0:19:46]} 24. Rc2 {[%clk 0:34:06]} g6
{[%clk 0:18:05]} 25. Qe2 {[%clk 0:24:07]} Rd7 {[%clk 0:13:24]} 26. Rac1
{[%clk 0:20:17]} Rd6 {[%clk 0:12:16]} 27. Nh1 {[%clk 0:17:05]} Qb6
{[%clk 0:11:34]} 28. Rc3 {[%clk 0:16:48]} f5 {[%clk 0:08:49]} 29. Nf2
{[%clk 0:13:51]} f4 {[%clk 0:08:10]} 30. Nd3 {[%clk 0:11:56]} fxe3
{[%clk 0:07:45]} 31. Nc5 {[%clk 0:12:00]} Rd2 {[%clk 0:05:25]} 32. Qe1
{[%clk 0:10:13]} Bc8 {[%clk 0:02:31]} 33. Nxe3 {[%clk 0:09:42]} Qd8
{[%clk 0:01:59]} 34. Nxc4 {[%clk 0:05:26]} bxc4 {[%clk 0:02:28]} 35. R3c2
{[%clk 0:03:51]} Qd4+ {[%clk 0:01:34]} 36. Kh1 {[%clk 0:03:52]} Rd3
{[%clk 0:01:34]} 37. Nxd3 {[%clk 0:03:17]} cxd3 {[%clk 0:02:02]} 38. Rd2
{[%clk 0:03:10]} Bxd2 {[%clk 0:02:06]} 39. Qxd2 {[%clk 0:03:30]} Qxe4
{[%clk 0:02:35]} 40. Rc3 {[%clk 0:03:12]} Bf5 {[%clk 0:02:48]} 41. Kh2
{[%clk 0:00:58]} Qd4 {[%clk 0:02:49]} 42. Rxc6 {[%clk 0:01:05]} e4
{[%clk 0:03:01]} 43. Qf4 {[%clk 0:00:45]} d2 {[%clk 0:03:08]} 44. Qb8+
{[%clk 0:01:03]} Kf7 {[%clk 0:03:32]} 45. Qb7+ {[%clk 0:00:42]} Bd7
{[%clk 0:03:55]} 46. Rc7 {[%clk 0:00:31]} d1=Q {[%clk 0:04:20]} 0-1